00547nam a2200133Ia 4500008004100000245014800041260003500189260000900224300000900233650001300242856006600255999001900321952007300340170516s9999 xx 000 0 und d aPreparation and Characterization of Clopidogrel Bisulfate Solid Dispersion using Vigna radiata Extract as a Natural Drug Carrier S. V. Deshmane bAsian Journal of Pharmaceutics c2016 a10:2 xPharmacy uhttp://www.asiapharmaceutics.info/index.php/ajp/issue/view/61 c331765d331765 001040aCLbCLd2017-05-16l0r2017-05-16 00:00:00w2017-05-16yFOJ